States of New England - Sudden Death - Statistics

General Stats
  • This quiz has been taken 39 times
  • The average score is 5 of 6
Answer Stats
State % Correct
Maine
91%
Massachusetts
85%
Connecticut
82%
Vermont
79%
New Hampshire
76%
Rhode Island
76%
No matching quizzes found
Score Distribution
Percent of People with Each Score
Percentile by Number Answered
Your Score History
You have not taken this quiz